书目信息 |
| 题名: |
全国计算机等级考试应试指南
|
|
| 作者: | 唐京丽 , 李燕萍 编著 | |
| 分册: | ||
| 出版信息: | 北京 电子工业出版社 1999.02 |
|
| 页数: | 199页 | |
| 开本: | 16开 | |
| 丛书名: | ||
| 单 册: | ||
| 中图分类: | TP3-44 | |
| 科图分类: | ||
| 主题词: | 计算技术 , 电子计算机 | |
| 电子资源: | ||
| ISBN: | 7-5053-5048-X | |
| 000 | 00666nam0 2200217 45 | |
| 001 | 0011171116 | |
| 005 | 20001117113821.5 | |
| 010 | @a7-5053-5048-X@d18.00元 | |
| 100 | @a20001117d1999 km y0chiy0120 ea | |
| 101 | 0 | @achi |
| 105 | @a z 000yy | |
| 200 | 1 | @a全国计算机等级考试应试指南@AQuan Guo Ji Suan Ji Deng Ji Kao Shi Ying Shi Zhi Nan@f唐京丽,李燕萍编著@FTang Jing Li,Li Yan Ping Bian Zhu |
| 210 | @a北京@c电子工业出版社@d1999.02 | |
| 215 | @a199页@d16开 | |
| 606 | 0 | @a计算技术 |
| 606 | 0 | @a电子计算机 |
| 690 | @aTP3-44@v3 | |
| 701 | 0 | @a唐京丽@4编著 |
| 701 | 0 | @a李燕萍@4编著 |
| 801 | @aCN@bPftUser@c20001117 | |
| 905 | @b411382-401@dTP3-44@eT451@f20 | |
| 全国计算机等级考试应试指南/唐京丽,李燕萍编著.-北京:电子工业出版社,1999.02 |
| 199页;16开 |
| ISBN 7-5053-5048-X:18.00元 |
| ● |
| 相关链接 |
|
|
|
正题名:全国计算机等级考试应试指南
索取号:TP3-44/T451
 
预约/预借
| 序号 | 登录号 | 条形码 | 馆藏地/架位号 | 状态 | 备注 |
| 1 | 411382 | 204113823 | 自科二线504/504自科库 4排4列5层/ [索取号:TP3-44/T451] | 在馆 | |
| 2 | 411383 | 204113832 | 自科二线504/504自科库 15排1列3层/ [索取号:TP3-44/T451] | 在馆 | |
| 3 | 411384 | 204113841 | 自科二线504/504自科库 4排4列5层/ [索取号:TP3-44/T451] | 在馆 | |
| 4 | 411385 | 204113850 | 期刊室512/301自科库 100排8列4层/ [索取号:TP3-44/T451] | 在馆 | |
| 5 | 411386 | 204113869 | 自科二线504/504自科库 12排1列1层/ [索取号:TP3-44/T451] | 在馆 | |
| 6 | 411387 | 204113878 | 自科二线504/504自科库 4排4列5层/ [索取号:TP3-44/T451] | 在馆 | |
| 7 | 411388 | 204113887 | 自科二线504/504自科库 15排2列1层/ [索取号:TP3-44/T451] | 在馆 | |
| 8 | 411389 | 204113896 | 自科二线404/404自科库 27排5列2层/ [索取号:TP3-44/T451] | 在馆 | |
| 9 | 411390 | 204113903 | 自科二线504/504自科库 4排4列5层/ [索取号:TP3-44/T451] | 在馆 | |
| 10 | 411391 | 204113912 | 自科二线404/404自科库 13排4列2层/ [索取号:TP3-44/T451] | 在馆 | |
| 11 | 411392 | 204113921 | 自科二线504/504自科库 4排4列5层/ [索取号:TP3-44/T451] | 在馆 | |
| 12 | 411393 | 204113930 | 自科二线404/404自科库 13排4列2层/ [索取号:TP3-44/T451] | 在馆 | |
| 13 | 411394 | 204113949 | 自科二线504/504自科库 4排4列5层/ [索取号:TP3-44/T451] | 在馆 | |
| 14 | 411395 | 204113958 | 自科二线504/504自科库 4排4列5层/ [索取号:TP3-44/T451] | 在馆 | |
| 15 | 411396 | 204113967 | 自科二线504/504自科库 4排4列5层/ [索取号:TP3-44/T451] | 在馆 | |
| 16 | 411397 | 204113976 | 期刊室512/301自科库 100排8列4层/ [索取号:TP3-44/T451] | 在馆 | |
| 17 | 411398 | 204113985 | 自科二线504/504自科库 4排4列5层/ [索取号:TP3-44/T451] | 在馆 | |
| 18 | 411399 | 204113994 | 自科二线504/504自科库 4排4列5层/ [索取号:TP3-44/T451] | 在馆 | |
| 19 | 411400 | 204114001 | 自科二线404/404自科库 13排4列2层/ [索取号:TP3-44/T451] | 在馆 | |
| 20 | 411401 | 204114010 | 自科二线504/504自科库 4排4列5层/ [索取号:TP3-44/T451] | 在馆 |